000 nam a22 7a 4500
999 _c54023
_d54023
003 OSt
005 20220728143335.0
008 220728b xxu||||| |||| 00| 0 eng d
040 _cIIMT UNIVERSITY MEERUT
100 _aDHAMDHARE, DM
245 _aSYSTEM PROGRAMMING & OS -2nd
260 _bTMH
300 _a658
942 _2ddc
_c09